[Event "Albrecht-Beer-Turnier Gera"]
[Site "Gera"]
[Date "2024.10.06"]
[Round "7.17"]
[White "Kroh, Christian"]
[Black "Sechting, Martin"]
[Result "1/2-1/2"]
[WhiteElo "1785"]
[BlackElo "1988"]
[PlyCount "144"]
[EventDate "2024.10.03"]
[WhiteTeam "TSG Apolda"]
[BlackTeam "SC Weisse Dame"]

1. d4 d5 2. Nf3 e6 3. e3 Nf6 4. Bd3 Bd6 5. O-O O-O 6. b3 c5 7. Bb2 Nc6 8. c4
Nb4 9. Be2 Ne4 10. a3 Nc6 11. cxd5 exd5 12. dxc5 Bxc5 13. Nbd2 Qe7 14. b4 Bb6
15. Nb3 Re8 16. Nbd4 Bg4 17. Nxc6 bxc6 18. Nd4 Bd7 19. Bd3 c5 20. bxc5 Bxc5 21.
Qe2 Rab8 22. Bxe4 Qxe4 23. Rfe1 Rb6 24. Bc3 Rg6 25. f3 Qh4 26. Qf2 Qh5 27. Bb4
Bb6 28. Rac1 Rh6 29. g3 Rf6 30. Bc5 Ba5 31. Bb4 Bd8 32. Bc5 a5 33. Rb1 Qe5 34.
Kg2 h5 35. Ne2 Rc6 36. Bd4 Qf5 37. Rb2 g5 38. Rc1 Rxc1 39. Nxc1 Be7 40. Ra2 Rc8
41. Ne2 Qd3 42. a4 Qb3 43. Rb2 Qxa4 44. Nc3 Qc4 45. Rb7 Bc5 46. Rxd7 Bxd4 47.
exd4 Qxc3 48. Rxd5 Qc1 49. Rc5 Rxc5 50. dxc5 a4 51. Qa2 a3 52. c6 g4 53. c7
Qxc7 54. Qxa3 Qc6 55. Qe3 Qc2+ 56. Qf2 Qc6 57. Qe3 f6 58. Kf2 Qc2+ 59. Qe2 Qf5
60. Kg2 Qd5 61. Kf2 Qd7 62. Qe3 Kg7 63. Qf4 Kg6 64. Qe4+ f5 65. Qf4 Qc6 66. Qe3
Qc2+ 67. Qe2 Qc6 68. Qe3 Kf7 69. Qb3+ Ke7 70. Qe3+ Kd7 71. Qd3+ Ke6 72. Qe3+
Kf7 1/2-1/2

[Event "Albrecht-Beer-Turnier Gera"]
[Site "Gera"]
[Date "2024.10.06"]
[Round "7.19"]
[White "Gersemann, Karl"]
[Black "Seidens, Gunter"]
[Result "1/2-1/2"]
[WhiteElo "1846"]
[BlackElo "2005"]
[PlyCount "85"]
[EventDate "2024.10.03"]
[WhiteTeam "TSG Oberschöneweide"]
[BlackTeam "VfL 1990 Gera"]

1. e4 d5 2. exd5 Nf6 3. d4 Nxd5 4. Nf3 g6 5. c3 Bg7 6. Bd3 O-O 7. Qc2 Nc6 8. a3
Bg4 9. Nbd2 Nf4 10. Bf1 Bf5 11. Qb3 Rb8 12. Nc4 Nd3+ 13. Bxd3 Bxd3 14. Ne3 b5
15. Kd2 Be4 16. Rd1 Bxf3 17. gxf3 Qd6 18. h4 a5 19. Ke2 Qh2 20. Qd5 Rb6 21. Qc5
Qd6 22. Qxd6 exd6 23. b4 Ra8 24. Bb2 Rba6 25. a4 axb4 26. axb5 Rxa1 27. Rxa1
Rxa1 28. Bxa1 Na7 29. c4 Bf6 30. Nd5 Bd8 31. Nxb4 Bxh4 32. Nd5 Bd8 33. Bc3 Nc8
34. Ba5 Nb6 35. Bxb6 cxb6 36. Ke3 h5 37. f4 Kf8 38. Nb4 f5 39. Nc6 Ke8 40. Kf3
Kd7 41. Kg3 Bf6 42. Kh3 Kc7 43. Kg3 1/2-1/2

[Event "Albrecht-Beer-Turnier Gera"]
[Site "Gera"]
[Date "2024.10.06"]
[Round "7.20"]
[White "Hoffmann, Tim"]
[Black "Schaudin, Andreas"]
[Result "1-0"]
[WhiteElo "2004"]
[BlackElo "1885"]
[PlyCount "71"]
[EventDate "2024.10.03"]
[WhiteTeam "SF Greiz"]
[BlackTeam "SZ Elstertal Langenberg"]

1. e4 c5 2. Nc3 d6 3. d4 cxd4 4. Qxd4 Nc6 5. Qd2 g6 6. b3 Bg7 7. Bb2 Nf6 8.
O-O-O Qa5 9. f3 h5 10. Kb1 Be6 11. Nge2 O-O-O 12. Nd5 Qxd2 13. Rxd2 Bxd5 14.
exd5 Nb8 15. c4 Ne8 16. Nd4 Bf6 17. Bd3 Nd7 18. f4 Nc7 19. b4 a5 20. bxa5 Nc5
21. Nb3 Bxb2 22. Kxb2 N7a6 23. Re1 Rde8 24. Bc2 h4 25. f5 g5 26. Rde2 Kd8 27.
Nd4 Nb4 28. Re3 Rh6 29. Bb1 h3 30. g3 Nd7 31. Rb3 Na6 32. Rxb7 Kc8 33. Ra7 Nac5
34. Ra8+ Nb8 35. Nc6 Ncd7 36. a6 1-0

[Event "Albrecht-Beer-Turnier Gera"]
[Site "Gera"]
[Date "2024.10.06"]
[Round "7.21"]
[White "Feldmann, Bernd"]
[Black "Stährfeldt, Philipp"]
[Result "1/2-1/2"]
[WhiteElo "1987"]
[BlackElo "1876"]
[PlyCount "33"]
[EventDate "2024.10.03"]
[WhiteTeam "Randspringer Bad Salzungen"]
[BlackTeam "SC Weisse Dame"]

1. d4 d5 2. Nf3 Nf6 3. Bg5 Ne4 4. Bh4 Nd7 5. Nbd2 Ndf6 6. c3 g6 7. Qb3 Nxd2 8.
Nxd2 Bg7 9. Bxf6 Bxf6 10. e4 e6 11. e5 Be7 12. Be2 O-O 13. Nf3 c5 14. Rc1 Qb6
15. Qxb6 axb6 16. a3 Bd7 17. O-O 1/2-1/2

[Event "Albrecht-Beer-Turnier Gera"]
[Site "Gera"]
[Date "2024.10.06"]
[Round "7.22"]
[White "Stiehler, Klaus"]
[Black "Fietsch, Roland"]
[Result "1/2-1/2"]
[WhiteElo "1744"]
[BlackElo "1982"]
[PlyCount "61"]
[EventDate "2024.10.03"]
[WhiteTeam "Muldental Wilkau-Haßlau"]
[BlackTeam "VfL 1990 Gera"]

1. Nf3 d5 2. g3 Nf6 3. Bg2 Bf5 4. d3 h6 5. Nc3 e6 6. O-O Be7 7. Nd2 c6 8. e4
dxe4 9. dxe4 Bh7 10. a3 Nbd7 11. Qe2 O-O 12. Kh1 e5 13. Rd1 Qc7 14. b3 Rad8 15.
Bb2 Rfe8 16. Nc4 Bc5 17. Rd2 Bd4 18. Nd1 Bxb2 19. Ncxb2 Nc5 20. f3 Rxd2 21.
Qxd2 Rd8 22. Qc3 Qe7 23. Ne3 Nfd7 24. Rd1 Ne6 25. Qa5 Qc5 26. Qxc5 Ndxc5 27.
Rxd8+ Nxd8 28. b4 Na6 29. Bf1 Kf8 30. Nbc4 f6 31. Kg2 1/2-1/2

[Event "Albrecht-Beer-Turnier Gera"]
[Site "Gera"]
[Date "2024.10.06"]
[Round "7.26"]
[White "Phenn, Jan-Niklas"]
[Black "Stiehler, Daniel"]
[Result "1-0"]
[WhiteElo "1943"]
[BlackElo "1856"]
[PlyCount "127"]
[EventDate "2024.10.03"]
[WhiteTeam "SC Reichenbach"]
[BlackTeam "Muldental Wilkau-Haßlau"]

1. d4 Nf6 2. c4 g6 3. Nc3 Bg7 4. e4 d6 5. f3 c6 6. Be3 Qa5 7. Qd2 a6 8. Bd3 b5
9. Nge2 Nbd7 10. a3 e5 11. b4 Qc7 12. d5 cxd5 13. Nxd5 Nxd5 14. cxd5 Nf6 15.
O-O O-O 16. Rfc1 Qd7 17. Nc3 Qb7 18. a4 Bd7 19. axb5 axb5 20. Qe2 Rxa1 21. Rxa1
Qb8 22. Nxb5 Nxd5 23. Ba7 Qd8 24. Qd2 Bxb5 25. Bxb5 Nc7 26. Bc4 Qd7 27. Be3 Rb8
28. Rb1 Nb5 29. Bxb5 Qxb5 30. Kf2 Bf8 31. Qc3 Rb7 32. Kg3 Be7 33. Kf2 Bf8 34.
Bd2 Qb6+ 35. Kg3 Qb5 36. Ra1 Rb8 37. Ra5 Qd7 38. Rd5 Rb5 39. Qd3 Rb7 40. b5 Be7
41. h3 Qc8 42. Bb4 Qc7 43. Bd2 Qc8 44. Kh2 Qb8 45. Be3 Qc8 46. b6 Qb8 47. Ra5
Bd8 48. Qa3 Rxb6 49. Ra8 Qc7 50. Bxb6 Qxb6 51. Qa4 Kg7 52. Qa2 Bc7 53. Ra7 Qc5
54. Qa3 Bb6 55. Qxc5 dxc5 56. Ra6 Bd8 57. Rc6 Be7 58. Kg3 Kf8 59. Rc8+ Kg7 60.
Kf2 h5 61. Ke3 f6 62. g3 Kf7 63. Kd3 Ke6 64. Kc4 1-0

[Event "Albrecht-Beer-Turnier Gera"]
[Site "Gera"]
[Date "2024.10.06"]
[Round "7.28"]
[White "Besancon, Pascal"]
[Black "Seidel, Oliver"]
[Result "1/2-1/2"]
[WhiteElo "1912"]
[BlackElo "1835"]
[PlyCount "45"]
[EventDate "2024.10.03"]
[WhiteTeam "SK Weida"]
[BlackTeam "SC Reichenbach"]

1. e4 e5 2. Nf3 Nf6 3. Nc3 Nc6 4. d4 exd4 5. Nxd4 Bb4 6. Nxc6 bxc6 7. Bd3 d5 8.
exd5 cxd5 9. O-O O-O 10. Bg5 c6 11. Qf3 Be7 12. Rae1 h6 13. Bxh6 gxh6 14. Qe3
d4 15. Qxh6 Qd6 16. Qg5+ Kh8 17. Rxe7 Qxe7 18. Qh6+ Kg8 19. Qg5+ Kh8 20. Ne4
Ng8 21. Qh5+ Kg7 22. Nf6 Nxf6 23. Qg5+ 1/2-1/2

[Event "Albrecht-Beer-Turnier Gera"]
[Site "Gera"]
[Date "2024.10.06"]
[Round "7.29"]
[White "Aniol, Adrian"]
[Black "Stolz, Markus"]
[Result "1/2-1/2"]
[WhiteElo "1901"]
[BlackElo "1791"]
[PlyCount "39"]
[EventDate "2024.10.03"]
[WhiteTeam "VfL 1990 Gera"]
[BlackTeam "TSG Apolda"]

1. e4 c5 2. c3 d5 3. exd5 Qxd5 4. d4 Nf6 5. Nf3 e6 6. Be2 Be7 7. Be3 cxd4 8.
Qxd4 Nc6 9. Qxd5 Nxd5 10. Bd4 Nxd4 11. Nxd4 O-O 12. Bf3 Nc7 13. O-O Rd8 14. Re1
Bf6 15. Nb3 Rb8 16. N1d2 b6 17. Nc4 Ba6 18. Ne5 Bxe5 19. Rxe5 f6 20. Rae1
1/2-1/2

[Event "Albrecht-Beer-Turnier Gera"]
[Site "Gera"]
[Date "2024.10.06"]
[Round "7.30"]
[White "Kosovska, Olena"]
[Black "Kitzig, Tobias"]
[Result "1/2-1/2"]
[WhiteElo "1896"]
[BlackElo "1714"]
[PlyCount "107"]
[EventDate "2024.10.03"]
[WhiteTeam "SG Grün-Weiß Dresden"]
[BlackTeam "SV 1861 Liebschwitz"]

1. c4 Nf6 2. g3 c6 3. Bg2 d5 4. cxd5 cxd5 5. d4 Nc6 6. Nf3 e6 7. Bf4 Bd6 8. Ne5
Nh5 9. Nxc6 bxc6 10. Be5 Nf6 11. Qc2 Bb7 12. O-O O-O 13. Nd2 Ng4 14. Bxd6 Qxd6
15. e4 e5 16. h3 Nf6 17. f4 dxe4 18. dxe5 Qd4+ 19. Kh2 Nd5 20. Nb3 Qb6 21. Rfe1
Ne3 22. Qxe4 Nxg2 23. Qxg2 Rad8 24. e6 fxe6 25. Rxe6 Qb4 26. Qc2 Rd5 27. Rae1
c5 28. a3 Qb5 29. Re7 Qc6 30. Na5 Qd6 31. Qb3 Ba8 32. R1e2 Kh8 33. Qc3 Qg6 34.
Qe1 Rdd8 35. Nc4 Bf3 36. Ne5 Qh5 37. g4 Qh6 38. Nf7+ Rxf7 39. Re8+ Rf8 40. Rxd8
Qxf4+ 41. Kg1 Bxe2 42. Rxf8+ Qxf8 43. Qxe2 h6 44. Qe5 c4 45. Kg2 Qd8 46. Kg3
Qd3+ 47. Kh4 Kg8 48. Qb8+ Kh7 49. Qb7 Qd4 50. Kg3 Qe3+ 51. Kg2 Qe2+ 52. Kg3
Qe3+ 53. Kg2 Qe2+ 54. Kg3 1/2-1/2

[Event "Albrecht-Beer-Turnier Gera"]
[Site "Gera"]
[Date "2024.10.06"]
[Round "7.31"]
[White "Temirbek, Amirali"]
[Black "Pekrul, Jürgen"]
[Result "1/2-1/2"]
[WhiteElo "1592"]
[BlackElo "1890"]
[PlyCount "28"]
[EventDate "2024.10.03"]
[BlackTeam "VfL 1990 Gera"]

1. e4 c5 2. Nf3 Nc6 3. d4 cxd4 4. Nxd4 e5 5. Nb5 d6 6. N1c3 a6 7. Na3 Nf6 8.
Bd3 Be7 9. O-O b5 10. Nd5 Be6 11. c3 O-O 12. Nc2 Nd7 13. f4 exf4 14. Nxf4 Nce5
1/2-1/2

[Event "Albrecht-Beer-Turnier Gera"]
[Site "Gera"]
[Date "2024.10.06"]
[Round "7.32"]
[White "Pleyer, Jürgen"]
[Black "Puschendorf, Steffen"]
[Result "0-1"]
[WhiteElo "1806"]
[BlackElo "2032"]
[PlyCount "66"]
[EventDate "2024.10.03"]
[WhiteTeam "VfL 1990 Gera"]
[BlackTeam "ESV Gera"]

1. e4 e6 2. b3 d5 3. Bb2 dxe4 4. Nc3 Nf6 5. Qe2 Bb4 6. O-O-O Qe7 7. Nxe4 Ba3 8.
Nxf6+ Qxf6 9. c3 Bxb2+ 10. Kxb2 a5 11. a4 O-O 12. g4 Bd7 13. Bg2 Bc6 14. Bxc6
Nxc6 15. h4 e5 16. Qe4 Ra6 17. Nf3 Rb6 18. Ng5 g6 19. Nf3 Qe6 20. c4 Rd8 21. d3
Qd6 22. Qe1 Nd4 23. Nxd4 Qxd4+ 24. Kc2 Rf6 25. Rd2 Rf4 26. h5 g5 27. Rg1 f6 28.
Qe2 Qd6 29. Kb2 Kf7 30. Rg3 Qd4+ 31. Kc2 c6 32. f3 Qa1 33. Qe1 Qxe1 0-1

[Event "Albrecht-Beer-Turnier Gera"]
[Site "Gera"]
[Date "2024.10.06"]
[Round "7.33"]
[White "Schönfeld, Volker"]
[Black "Weinitschke, Daniel"]
[Result "1-0"]
[WhiteElo "1940"]
[BlackElo "1780"]
[PlyCount "101"]
[EventDate "2024.10.03"]
[WhiteTeam "VfL 1990 Gera"]
[BlackTeam "Krostitzer SV"]

1. e4 e6 2. d4 d5 3. Nd2 Nf6 4. e5 Nfd7 5. Bd3 c5 6. c3 Nc6 7. Ndf3 cxd4 8.
cxd4 Bb4+ 9. Bd2 Qa5 10. Ne2 Bxd2+ 11. Qxd2 Qxd2+ 12. Nxd2 Nb4 13. Bb1 Nb6 14.
a3 Nc6 15. Bd3 O-O 16. O-O a6 17. Rac1 f6 18. f4 fxe5 19. fxe5 Bd7 20. b4 Rxf1+
21. Rxf1 Na4 22. Bc2 b5 23. Nb3 Rc8 24. Rc1 h6 25. Kf2 Rf8+ 26. Kg1 Nb2 27. Nc5
Bc8 28. Bb3 Nc4 29. Bxc4 bxc4 30. Rf1 Rxf1+ 31. Kxf1 Kf7 32. Kf2 g5 33. Ke3 Ne7
34. g4 Ng6 35. a4 Ke7 36. b5 axb5 37. axb5 Nh4 38. b6 Ng2+ 39. Kd2 Nf4 40. b7
Bxb7 41. Nxb7 c3+ 42. Nxc3 h5 43. gxh5 Nxh5 44. Ne2 g4 45. Nc5 Kf7 46. Ke3 Ke7
47. Ng3 Ng7 48. Kf4 Kf7 49. Kxg4 Ke7 50. h4 Kf7 51. Kg5 1-0

[Event "Albrecht-Beer-Turnier Gera"]
[Site "Gera"]
[Date "2024.10.06"]
[Round "7.34"]
[White "Brunen, Raul"]
[Black "Just, Joachim"]
[Result "1/2-1/2"]
[WhiteElo "1791"]
[BlackElo "1935"]
[PlyCount "70"]
[EventDate "2024.10.03"]
[WhiteTeam "SC Reichenbach"]
[BlackTeam "SV Motor Zeitz"]

1. e4 g6 2. d4 c6 3. Nf3 Bg7 4. Bf4 d6 5. Nbd2 Bg4 6. h3 Bxf3 7. Nxf3 Nd7 8. c3
Qb6 9. Qc2 d5 10. e5 e6 11. h4 h5 12. Bd3 Ne7 13. Bg5 Nf5 14. a3 c5 15. Bxf5
gxf5 16. Be3 c4 17. Rh3 Nf8 18. Ke2 Ng6 19. Rg1 Bf8 20. Bg5 Be7 21. Bf6 Nf4+
22. Kf1 Nxh3 23. gxh3 Bxf6 24. exf6 O-O-O 25. Ne5 Rdg8 26. Qa4 Rxg1+ 27. Kxg1
Rg8+ 28. Kf1 Qxb2 29. Qd7+ Kb8 30. Nf3 Qb1+ 31. Ne1 Qe4 32. Qxf7 Qh1+ 33. Ke2
Qe4+ 34. Kf1 Qh1+ 35. Ke2 Qe4+ 1/2-1/2

[Event "Albrecht-Beer-Turnier Gera"]
[Site "Gera"]
[Date "2024.10.06"]
[Round "7.36"]
[White "Just, Anita"]
[Black "Czäczine, Paula"]
[Result "1-0"]
[WhiteElo "1918"]
[BlackElo "1757"]
[PlyCount "125"]
[EventDate "2024.10.03"]
[WhiteTeam "SV Weißblau Allianz Leipzig e.V."]
[BlackTeam "Chemnitzer SC Aufbau`95"]

1. e4 e5 2. Nf3 Nc6 3. Bc4 Nf6 4. Ng5 d5 5. exd5 Na5 6. Bb5+ c6 7. dxc6 bxc6 8.
Be2 h6 9. Nf3 e4 10. Ne5 Bc5 11. c3 O-O 12. O-O Bd6 13. d4 exd3 14. Nxd3 Nd5
15. Nd2 Re8 16. Nf3 c5 17. Bd2 Nc4 18. Re1 Rb8 19. b3 Nxd2 20. Qxd2 Bb7 21. Bf1
Qf6 22. c4 Nf4 23. Nxf4 Bxf4 24. Qd7 Red8 25. Qe7 Qg6 26. Nh4 Qc6 27. Nf5 Bg5
28. Qxg5 hxg5 29. Ne7+ Kf8 30. Nxc6 Bxc6 31. Rad1 a5 32. Bd3 Rd4 33. Bc2 Rbd8
34. Rxd4 Rxd4 35. Rd1 Rxd1+ 36. Bxd1 Ke7 37. f3 Kd6 38. Kf2 Ke5 39. Ke3 f5 40.
Bc2 Bd7 41. a3 Bc8 42. Bd1 Be6 43. Kd3 Bc8 44. g3 f4 45. Kc3 Bb7 46. b4 axb4+
47. axb4 cxb4+ 48. Kxb4 Kd6 49. Kb5 Kc7 50. Kc5 Ba8 51. Kd4 fxg3 52. hxg3 Kb6
53. Be2 g6 54. Ke5 Kc5 55. Kf6 g4 56. fxg4 Be4 57. Ke5 Bc2 58. Bf3 Kxc4 59. Be4
Bd1 60. g5 Kc5 61. Bxg6 Kc6 62. Kf6 Kd7 63. Bf7 1-0

[Event "Albrecht-Beer-Turnier Gera"]
[Site "Gera"]
[Date "2024.10.06"]
[Round "7.37"]
[White "Schönrock, Rüdiger"]
[Black "Naumann, Thomas"]
[Result "1-0"]
[WhiteElo "1891"]
[BlackElo "1745"]
[PlyCount "37"]
[EventDate "2024.10.03"]
[WhiteTeam "Glauchauer SC 1873"]
[BlackTeam "ESV Lok Döbeln"]

1. e4 e5 2. Nf3 Nc6 3. Nc3 Bc5 4. Nxe5 Bxf2+ 5. Kxf2 Nxe5 6. d4 Qf6+ 7. Kg1 Ng6
8. Bc4 d6 9. Be3 Bd7 10. Qd2 h6 11. Rf1 Qe7 12. Bxf7+ Qxf7 13. Rxf7 Kxf7 14. h3
N8e7 15. Kh2 Rhf8 16. Rf1+ Kg8 17. Rxf8+ Rxf8 18. Qe2 a6 19. Qc4+ 1-0

[Event "Albrecht-Beer-Turnier Gera"]
[Site "Gera"]
[Date "2024.10.06"]
[Round "7.38"]
[White "Bergmann, Rafael Antonio"]
[Black "Kaipalath, Varun Raj"]
[Result "0-1"]
[WhiteElo "1738"]
[BlackElo "1882"]
[PlyCount "108"]
[EventDate "2024.10.03"]
[WhiteTeam "TSG Oberschöneweide"]
[BlackTeam "SV Schott Jena"]

1. e4 c5 2. Nf3 d6 3. d4 cxd4 4. Qxd4 Nc6 5. Bb5 Bd7 6. Bxc6 Bxc6 7. Nc3 Nf6 8.
Bg5 e6 9. O-O-O h6 10. Be3 Be7 11. Qd3 O-O 12. Nd4 Ng4 13. Kb1 Bf6 14. Nxc6
bxc6 15. Qxd6 Nxe3 16. Qxd8 Rfxd8 17. fxe3 Bxc3 18. bxc3 Rdb8+ 19. Ka1 Rb7 20.
Rb1 Rab8 21. g3 Kf8 22. a4 Ke7 23. a5 Rb5 24. Rxb5 Rxb5 25. Ka2 Rxa5+ 26. Kb3
Kd6 27. Kc4 Rc5+ 28. Kd3 a5 29. Ra1 f6 30. h4 g5 31. hxg5 Rxg5 32. Rh1 h5 33.
Kd4 a4 34. Kd3 a3 35. Ra1 Ra5 36. c4 a2 37. Kc3 Ke5 38. Kd3 c5 39. c3 Ra6 40.
g4 hxg4 41. Rxa2 Rd6+ 42. Ke2 Kxe4 43. Ra7 Rd3 44. Rg7 Rxe3+ 45. Kd2 Kf3 46.
Rg6 f5 47. Rg5 Re4 48. Kd3 g3 49. Rh5 g2 50. Rh2 g1=Q 51. Rf2+ Kxf2 52. Kc2
Re2+ 53. Kb3 Qb1+ 54. Ka4 Ra2# 0-1

[Event "Albrecht-Beer-Turnier Gera"]
[Site "Gera"]
[Date "2024.10.06"]
[Round "7.39"]
[White "Han, Erdem"]
[Black "Hilbert, Stephan-Jörg"]
[Result "1/2-1/2"]
[WhiteElo "1705"]
[BlackElo "1867"]
[PlyCount "147"]
[EventDate "2024.10.03"]
[WhiteTeam "SSV Vimaria 91 Weimar"]
[BlackTeam "SV Motor Zeitz"]

1. d4 Nf6 2. c4 e6 3. Nc3 b6 4. Bf4 Bb4 5. e3 Bb7 6. Nf3 c5 7. Be2 cxd4 8. exd4
O-O 9. O-O d5 10. a3 Bxc3 11. bxc3 Ne4 12. Qb3 Nc6 13. cxd5 Na5 14. Qb4 exd5
15. h3 Rc8 16. Rac1 Re8 17. Bd3 Nc6 18. Qb2 Qf6 19. Bh2 h6 20. Rfe1 Na5 21. Ne5
Qg5 22. c4 Nxc4 23. Nxc4 dxc4 24. Bxc4 Nd6 25. Rxe8+ Rxe8 26. Bf1 Qd5 27. f3
Nf5 28. Rc7 Re7 29. Bc4 Qd8 30. Rxe7 Qxe7 31. Qd2 Qxa3 32. Kf2 a6 33. Bxf7+
Kxf7 34. Qf4 Qb2+ 35. Ke1 Qc3+ 36. Ke2 Qc2+ 37. Ke1 a5 38. g4 Qc3+ 39. Kf1 Ba6+
40. Kg2 Qc2+ 41. Kh1 Qd1+ 42. Bg1 Qc2 43. gxf5 Bf1 44. Qg4 Qe2 45. Bh2 Qe7 46.
Qg6+ Kg8 47. Bd6 Qg5 48. Qxg5 hxg5 49. Bc7 b5 50. Bxa5 Bxh3 51. Bd2 Bxf5 52.
Bxg5 Kf7 53. Bd2 Ke6 54. Kg2 Kd5 55. Bc3 Kc4 56. Ba1 g6 57. Kg3 g5 58. d5 b4
59. Kf2 Kxd5 60. Ke3 Kc4 61. Ke2 b3 62. Bb2 Kd5 63. Kd2 Ke6 64. Ke3 Bc2 65. Bc3
Kf5 66. Bb2 Kg6 67. Kf2 Kh5 68. Kg3 Bd3 69. Bc3 Be2 70. Bb2 Bxf3 71. Kxf3 Kh4
72. Kg2 Kg4 73. Bc3 Kf4 74. Bb2 1/2-1/2

[Event "Albrecht-Beer-Turnier Gera"]
[Site "Gera"]
[Date "2024.10.06"]
[Round "7.43"]
[White "Fleischmann, Theo"]
[Black "Boroshnev, Dmytro"]
[Result "1/2-1/2"]
[WhiteElo "1814"]
[BlackElo "1543"]
[PlyCount "132"]
[EventDate "2024.10.03"]
[WhiteTeam "SVG CAISSA Kassel"]
[BlackTeam "SC Turm Erfurt"]

1. Nf3 c5 2. g3 Nc6 3. Bg2 g6 4. c4 Bg7 5. O-O Nf6 6. d4 cxd4 7. Nxd4 O-O 8.
Nc3 Re8 9. e4 a6 10. Be3 e5 11. Nb3 d6 12. h3 h6 13. Qd2 Kh7 14. Rfd1 Bf8 15.
Rac1 Be6 16. Nd5 Bxd5 17. cxd5 Ne7 18. Rc2 Qd7 19. Qb4 Rec8 20. Rdc1 Rxc2 21.
Rxc2 Rc8 22. Rc4 Ne8 23. Na5 b5 24. Rc3 f5 25. f3 Kg7 26. Bf2 Kf7 27. Qb3 Kg7
28. Kh2 Kh7 29. a3 Kg7 30. Qc2 Kf7 31. Kg1 Qd8 32. Nc6 Nxc6 33. Rxc6 Rxc6 34.
Qxc6 Qa5 35. Qd7+ Be7 36. Qe6+ Kf8 37. Qxg6 fxe4 38. Qxh6+ Kf7 39. Qh7+ Kf8 40.
Qxe4 Qd2 41. Be1 Qxb2 42. Bb4 Nf6 43. Qf5 Qd4+ 44. Kh2 Qxd5 45. f4 Qd4 46. fxe5
Qxe5 47. Qc8+ Kf7 48. Qc3 Qxc3 49. Bxc3 d5 50. Bb2 Ke6 51. g4 Bd6+ 52. Kg1 Be5
53. Bc1 a5 54. g5 Nh5 55. Bf3 Nf4 56. Bg4+ Kf7 57. h4 b4 58. Bd1 Nd3 59. axb4
axb4 60. Bd2 Bc3 61. Bxc3 bxc3 62. Bb3 Nb4 63. h5 c2 64. g6+ Kf6 65. Bxc2 Nxc2
66. Kf2 d4 1/2-1/2

[Event "Albrecht-Beer-Turnier Gera"]
[Site "Gera"]
[Date "2024.10.06"]
[Round "7.44"]
[White "Struzina, Elias"]
[Black "Kohl, Torsten"]
[Result "1/2-1/2"]
[WhiteElo "1582"]
[BlackElo "1809"]
[PlyCount "57"]
[EventDate "2024.10.03"]
[WhiteTeam "TSV Kitzscher"]
[BlackTeam "Meuselwitzer SV"]

1. d4 d5 2. c4 c6 3. Nc3 Nf6 4. Bg5 e6 5. e3 Be7 6. Bd3 O-O 7. Qc2 dxc4 8. Bxc4
Nbd7 9. Nf3 Nd5 10. Bxe7 Qxe7 11. a3 N7f6 12. O-O Bd7 13. Ba2 Rfc8 14. Rac1 Rc7
15. Bb1 g6 16. Qd3 c5 17. Nxd5 exd5 18. dxc5 Bf5 19. Qd4 Bxb1 20. Rxb1 Rxc5 21.
Rbc1 Rac8 22. Rxc5 Rxc5 23. Qd2 Qc7 24. Nd4 Ng4 25. g3 Qe5 26. Rc1 Rxc1+ 27.
Qxc1 Qe4 28. Qc3 Qb1+ 29. Kg2 1/2-1/2

[Event "Albrecht-Beer-Turnier Gera"]
[Site "Gera"]
[Date "2024.10.06"]
[Round "7.46"]
[White "Niemann, Silvio"]
[Black "Große, Philipp"]
[Result "1/2-1/2"]
[WhiteElo "1901"]
[BlackElo "1743"]
[PlyCount "87"]
[EventDate "2024.10.03"]
[WhiteTeam "SV Blau-Weiß 69 Parchim"]
[BlackTeam "Krostitzer SV"]

1. e4 c5 2. Nf3 d6 3. c4 g6 4. d4 cxd4 5. Nxd4 Bg7 6. Be3 Nc6 7. Nc3 Nf6 8. Be2
O-O 9. O-O Qb6 10. Ndb5 Qa5 11. f3 Be6 12. Rc1 Nd7 13. a3 a6 14. b4 Qd8 15. Nd4
Nxd4 16. Bxd4 Bxd4+ 17. Qxd4 Qb6 18. Qxb6 Nxb6 19. Nd5 Bxd5 20. exd5 Rac8 21.
Rfd1 Nd7 22. Kf2 Rc7 23. Ke3 Rfc8 24. f4 Nb6 25. Kd4 e6 26. dxe6 fxe6 27. g3
Kf7 28. Re1 Kf6 29. Bd3 Nd7 30. Bf1 b5 31. Bh3 Rxc4+ 32. Rxc4 Rxc4+ 33. Kd3 Nf8
34. Re2 e5 35. fxe5+ dxe5 36. Rf2+ Ke7 37. Bg2 Rd4+ 38. Ke3 Ne6 39. Rc2 h5 40.
Bb7 Rd6 41. Ke4 Nd8 42. Rc7+ Kf6 43. Bd5 Ne6 44. Rc6 1/2-1/2

[Event "Albrecht-Beer-Turnier Gera"]
[Site "Gera"]
[Date "2024.10.06"]
[Round "7.47"]
[White "Ali, Maha"]
[Black "Streit, Jürgen"]
[Result "1-0"]
[WhiteElo "1725"]
[BlackElo "1882"]
[PlyCount "91"]
[EventDate "2024.10.03"]
[WhiteTeam "SC Kreuzberg"]
[BlackTeam "SZ Elstertal Langenberg"]

1. d4 d5 2. c4 Bf5 3. Qb3 e5 4. Nf3 e4 5. Ne5 Nf6 6. Qxb7 Nbd7 7. e3 Rb8 8. Qa6
Bb4+ 9. Nc3 Nxe5 10. dxe5 Nd7 11. cxd5 O-O 12. e6 fxe6 13. dxe6 Nc5 14. Bc4 Qe7
15. Qc6 Rfd8 16. O-O Bxc3 17. bxc3 Nxe6 18. Ba3 Qd7 19. Qc5 g6 20. Qe5 Rb6 21.
Bxe6+ Rxe6 22. Qd4 Qe8 23. Qxa7 Ra8 24. Qc5 Re5 25. Qb4 Rb5 26. Qe7 Qb8 27. Bb4
c5 28. Bxc5 Rb7 29. Qd6 Qxd6 30. Bxd6 Rb2 31. a3 Rd8 32. Bb4 Bg4 33. h3 Be2 34.
Rfb1 Rdd2 35. Rxb2 Rxb2 36. a4 Rc2 37. Kh2 Ba6 38. Kg3 Rd2 39. f3 exf3 40. gxf3
Kf7 41. e4 g5 42. Rg1 h5 43. h4 Kf6 44. hxg5+ Kxg5 45. f4+ Kf6 46. Rh1 1-0

[Event "Albrecht-Beer-Turnier Gera"]
[Site "Gera"]
[Date "2024.10.06"]
[Round "7.48"]
[White "Hanmuradov, Ülwi"]
[Black "Wagner, Silvio"]
[Result "1-0"]
[WhiteElo "1872"]
[BlackElo "1671"]
[PlyCount "99"]
[EventDate "2024.10.03"]
[WhiteTeam "ESV Gera"]
[BlackTeam "Einheit Börnichen"]

1. d4 d5 2. Nf3 Nc6 3. Bf4 Nf6 4. e3 Bg4 5. Be2 Bf5 6. c3 Ne4 7. Nbd2 h6 8. Qb3
Nxd2 9. Nxd2 Bc8 10. O-O-O e6 11. h4 Bd6 12. Nf3 Bxf4 13. exf4 Qd6 14. g3 Rf8
15. Bd3 b6 16. Bb5 Bb7 17. Bxc6+ Bxc6 18. Ne5 O-O-O 19. Kb1 Kb7 20. Rc1 Be8 21.
Ka1 f6 22. Nd3 Ka8 23. Rhe1 Bg6 24. Nb4 Qd7 25. Na6 Rc8 26. c4 Be8 27. c5 Qa4
28. Qxa4 Bxa4 29. Rxe6 Bb5 30. Nb4 Rfd8 31. b3 Be8 32. Re7 g6 33. a4 f5 34. Nd3
h5 35. Rce1 Kb7 36. Rg7 b5 37. a5 Ka6 38. b4 Kb7 39. Ree7 a6 40. Ne5 Kb8 41.
Nxg6 Bxg6 42. Rxg6 Kb7 43. Rg5 Re8 44. Re5 Rxe5 45. fxe5 Rf8 46. Rxh5 f4 47. g4
Rg8 48. Rg5 Rh8 49. h5 Rf8 50. Rf5 1-0

[Event "Albrecht-Beer-Turnier Gera"]
[Site "Gera"]
[Date "2024.10.06"]
[Round "7.49"]
[White "Burchardi, Helena"]
[Black "Kühnl, Bernd"]
[Result "1-0"]
[WhiteElo "1669"]
[BlackElo "1813"]
[PlyCount "63"]
[EventDate "2024.10.03"]
[WhiteTeam "SV Königsjäger Süd-West"]
[BlackTeam "VfL 1990 Gera"]

1. e4 d5 2. exd5 Nf6 3. Nc3 Nxd5 4. Nxd5 Qxd5 5. d4 Bf5 6. Nf3 e6 7. Be2 Be7 8.
O-O c6 9. c4 Qd8 10. b3 Nd7 11. Bb2 Bf6 12. Qd2 O-O 13. Rad1 Nb6 14. Bd3 Bxd3
15. Qxd3 Qc7 16. Rfe1 Rfd8 17. Qe4 Rd7 18. Bc1 Rad8 19. Bf4 Qc8 20. Bg5 h6 21.
Bxf6 gxf6 22. Qh4 Kg7 23. Rd3 c5 24. Nd2 Rxd4 25. Rg3+ Kf8 26. Ne4 Rd1 27.
Qxh6+ Ke7 28. Qxf6+ Kf8 29. Rge3 Qd7 30. Ng5 Rxe1+ 31. Rxe1 Rc8 32. h4 1-0

[Event "Albrecht-Beer-Turnier Gera"]
[Site "Gera"]
[Date "2024.10.06"]
[Round "7.50"]
[White "Shynkar, Daria"]
[Black "Würsig, Mathias"]
[Result "1/2-1/2"]
[WhiteElo "1661"]
[BlackElo "1812"]
[PlyCount "52"]
[EventDate "2024.10.03"]
[WhiteTeam "Schachakademie Paderborn"]
[BlackTeam "Lomnitzer SV"]

1. d4 d6 2. c4 Nf6 3. Nc3 g6 4. e4 Bg7 5. h3 O-O 6. Be3 Nc6 7. g4 e5 8. d5 Nd4
9. Qd2 c5 10. f3 a6 11. h4 Rb8 12. h5 Qe7 13. O-O-O b5 14. Bg5 bxc4 15. Bxc4
Qb7 16. Rf1 Bd7 17. Rf2 Bb5 18. Bd3 Bxd3 19. Qxd3 h6 20. Bxf6 Bxf6 21. Nh3 g5
22. Rhh2 Rfc8 23. Kd1 Bd8 24. Ke1 Ba5 25. Kf1 Bb6 26. Qd2 Bd8 1/2-1/2